| 000 | 01325nam a2200349 i 4500 | ||
|---|---|---|---|
| 001 | 768714001 | ||
| 003 | CO-MdFUSB | ||
| 005 | 20230311083158.0 | ||
| 007 | ta | ||
| 008 | 230310t1996 -us |||g |||| 00| 0 eng d | ||
| 020 | _a0830818731 | ||
| 040 |
_aCO-MdFUSB _bspa _cCO-MdFUSB _dCO-MdFUSBC _erda |
||
| 041 | _aeng | ||
| 082 |
_223 _a220.6 _bSCA282f |
||
| 100 |
_aScalise, Charles J. _eautor |
||
| 245 | 1 |
_aFrom scripture to theology _b: a canonical journey into hermeneutics _c/ Charles J. Scalise |
|
| 264 | 1 |
_aDowners Grove, Illinois : _bInterVarsity Press, _c1996 |
|
| 264 | 4 | _c©1996 | |
| 300 |
_a150 páginas _c; 21 cm |
||
| 336 |
_2rdacontent _atexto _btxt |
||
| 337 |
_2rdamedia _asin mediación _bn |
||
| 338 |
_2rdacarrier _avolumen _bnc |
||
| 504 | _aIncluye índices y bibliografía | ||
| 505 | _aComenzando el camino: De la Biblia a la doctrina -- Investigando viejos caminos: La Biblia y la historia -- Descubriendo un camino mejor: La Biblia como canon -- Explorando el entorno: Una aproximación canónica a la interpretación -- Vislumbrando el destino: La doctrina de Dios | ||
| 563 | _aRústico | ||
| 650 | 7 |
_9320 _aTeología bíblica |
|
| 650 | 7 |
_9418 _aHermenéutica |
|
| 650 | 0 |
_9360 _aBiblia _bEvidencias, autoridad, etc. |
|
| 942 | _cBK | ||
| 945 | _aAF | ||
| 999 |
_c68555 _d68555 |
||